000 00871nam a2200289 a 4500
001 1639373
003 OSt
005 20140310182059.0
008 960129s1994 mdu 000 0 eng
010 _a 96107744
040 _aDLC
_cDLC
050 0 0 _aRA 776
_b.W696 1995
082 _aHS 613
_bW67 1995
100 1 _aWillix, Robert D.
_912550
245 1 0 _aNew cures for almost every major disease /
_cRobert D. Willix, Jr.
246 1 8 _aNew cures
260 _aBaltimore, MD :
_bHealth & Longevity LLC,
_cc1995.
300 _a124 p. :
_c18 cm.
650 0 _aHealth.
_912551
650 0 _aVitamins.
_912552
650 0 _aDietary supplements.
650 0 _aMedicine, Preventive.
_97500
906 _a7
_bcbc
_corignew
_d3
_encip
_f19
_gy-gencatlg
942 _2lcc
_cHS
999 _c9139
_d9139